00522nam a2200205Ia 4500003000400000005001700004008004100021020001800062040000700080041000800087082002300095100001800118245006400136250000600200260004700206300001700253365001300270650001400283650001900297OSt20230418163144.0210423s2012 xx 000 0 und d a9788131758939 cAL aeng a338.954 223bPRAB aPRAKASH (B A) aIndian economy since 1991: economic reforms and performance a2 aNew DelhibPearson Education Pvt Ltdc2012 axxvi,691bPB b485cINR aEconomics aIndian Economy